000 00311nam a22001337a 4500
008 171002b xxu||||| |||| 00| 0 eng d
020 _a9781561450251
041 _aeng
080 _a37
100 _a47
101 _aEDU
245 _aHELPING THE CHILD WHO DOESNT FIT IN
_cNOWICKI.S
942 _2udc
_cBK
999 _c31049
_d31049